00935nam a2200253 a 450000100060000000300080000600500170001400800410003103500190007203500120009104000290010304100080013208200260014010000570016624501300022326000380035330000260039150400360041765000370045365000390049065000420052965100550057165100550062641692BD-RjUL20211209053432.0160605s1961 enk b 001 0 eng  a(BD-RjUL)41810 a2309689 aLCbengcLCdLCdBD-RjUL aeng00a320.941219bCRT 19611 aCrowther-Hunt, Norman Crowther Crowther-Hunt,d1920-10aTwo early political associations :bthe Quakers and the dissenting deputies in the age of Sir Robert Walpole /cby N.C. Hunt. aOxford :bClarendon Press,c1961. axvi, 231 p. ;c21 cm. aIncludes Bibliography and index 0aChurch and statezGreat Britain. 0aSociety of FriendszGreat Britain. 0aDissenters, ReligiouszGreat Britain. 0aGreat BritainxPolitics and governmenty1660-1714. 0aGreat BritainxPolitics and governmenty1714-1760.